[Event "Barcelona CC 4th"]
[Site "Barcelona"]
[Date "2016.11.14"]
[Round "5.4"]
[White "Bernat Capdevila, Ernesto"]
[Black "Pla Carulla, Joaquim"]
[Result "1-0"]
[WhiteElo "2060"]
[BlackElo "1993"]
[PlyCount "62"]
[EventDate "2016.10.17"]
[EventType "swiss"]
[EventRounds "8"]
[EventCountry "ESP"]
[SourceTitle "EXT 2024"]
[Source "ChessBase"]
[SourceDate "2023.10.10"]
[SourceVersion "1"]
[SourceVersionDate "2023.10.10"]
[SourceQuality "1"]

1. e4 e6 2. Nf3 d5 3. exd5 exd5 4. d4 Nf6 5. Bd3 Be6 6. 0-0 Nbd7 7. Re1 c5 8. c4 Qb6 9. Nc3 Qc6 10. Ne5 Nxe5 11. dxe5 d4 12. Ne4 Nd7 13. f4 0-0-0 14. Bd2 Nb6 15. Rc1 Be7 16. a3 h6 17. b4 f5 18. exf6 gxf6 19. bxc5 Nd7 20. Bb4 Rhg8 21. Nd6+ Kb8 22. Be4 Qc7 23. Nxb7 Nxc5 24. Bxc5 Bxc5 25. Nxc5 Qxc5 26. Qd3 Kc7 27. Bd5 Bf5 28. Qxf5 d3+ 29. Kh1 d2 30. Qh7+ Kb6 31. Rb1+ Ka5 1-0

[Event "Barcelona Chavarria op 3rd"]
[Site "Barcelona"]
[Date "2014.10.01"]
[Round "1.6"]
[White "Bernat Capdevila, Ernesto"]
[Black "Hernando Rodrigo, Julio Antonio"]
[Result "0-1"]
[WhiteElo "2063"]
[BlackElo "2384"]
[PlyCount "100"]
[EventDate "2014.10.01"]
[EventType "swiss"]
[EventRounds "9"]
[EventCountry "ESP"]
[SourceTitle "EXT 2024"]
[Source "ChessBase"]
[SourceDate "2023.10.10"]
[SourceVersion "1"]
[SourceVersionDate "2023.10.10"]
[SourceQuality "1"]

1. e4 e6 2. d4 d5 3. Nc3 Bb4 4. exd5 exd5 5. Bd3 Nf6 6. Nge2 0-0 7. 0-0 Nc6 8. h3 Re8 9. Bg5 Be7 10. a3 h6 11. Be3 Bf8 12. Ng3 Ne7 13. Qf3 Ng6 14. Nh5 Nxh5 15. Qxh5 c6 16. Rae1 Re6 17. Bxh6 gxh6 18. Rxe6 Bxe6 19. Bxg6 Qf6 20. Bd3 Qxd4 21. Re1 Qf6 22. Re3 Bd6 23. Rf3 Qg5 24. Qxg5+ hxg5 25. g4 Re8 26. Kf1 c5 27. Bf5 Kg7 28. Ne2 d4 29. Bxe6 fxe6 30. a4 b6 31. b3 Kg6 32. Kg2 e5 33. Rf5 e4 34. Rd5 Re6 35. Ng3 Bxg3 36. Kxg3 e3 37. fxe3 Rxe3+ 38. Kf2 Rc3 39. Rd6+ Kf7 40. Rd7+ Ke6 41. Rxa7 Rxc2+ 42. Ke1 Rb2 43. Ra6 Rxb3 44. a5 Kd5 45. Rxb6 Ra3 46. Ra6 Rb3 47. Rg6 d3 48. Rxg5+ Kc4 49. Kd2 Rb2+ 50. Kc1 Rg2 0-1